| 000 | 00730nam a2200217 i 4500 | ||
|---|---|---|---|
| 001 | 140419 | ||
| 003 | ES-MaACL | ||
| 005 | 20230906200056.0 | ||
| 007 | t| | ||
| 008 | 070214s1985 sp d |||| | spa d | ||
| 080 | _a(038)=124=134.2 | ||
| 100 | 1 |
_aSegura Munguía, Santiago. _9105222 |
|
| 245 | 1 | 0 |
_aDiccionario etimológico latino-español / _cSantiago Segura Munguía. |
| 250 | _a1ª ed. | ||
| 260 |
_aMadrid : _bAnaya, _c1985. |
||
| 300 |
_aXII, 1122 p. ; _c25 cm + _emap. |
||
| 500 | _aÍndices etimológicos: palabras de origen latino en otras lenguas, palabras españolas no latinas. | ||
| 501 | _aCon: Apéndice gramatical. | ||
| 650 | 0 | 4 |
_aLengua latina- _vDiccionarios- _xEspañol. _914295 |
| 852 |
_a BA _jL-9792 |
||
| 999 |
_c140419 _d140419 |
||